000 00269nam a2200121Ia 4500
008 190216s9999||||xx |||||||||||||| ||und||
100 _aMilne Thomson
245 0 _aFluid Dynamics
260 _bSpringer Verlag
300 _a507p
650 _aMathematics
942 _cBK
999 _c31744
_d31744